000 00343 a2200145 4500
001 165547
020 _a
040 _cMagnum
100 _aVolker, Paulo (Coord)
240 1 0 _aDescobrindo o brasil/1ª a 4ª series
_lpor
245 1 0 _aDescobrindo o brasil/1ª a 4ª series
362 0 _a1899
697 _aHISTORIA DO BRASIL
942 _cBK
999 _c165547
_d165547